000 00414nam a2200169Ia 4500
008 180921t2014 xxu||||| |||| 00| 0 sin d
041 _asin
080 _a294.3
_bABA
100 _aAbhayuathissa Himi, Madagoda
245 _aඅමා ගගුල
246 _aAma Gagula
260 _bSadeepa
_aColombo
_c2014
300 _b182p, 21 cm
942 _cBK
999 _c38
_d38
003 LK-CoDNM
040 _aLK-CoDNM
_dLK-CoDNM
_eLK-CoDNM